01379 a2200229 4500003000500000005001700005010001600022020001500038040000900053082001400062100002500076245007700101250001200178260005100190300003300241505055400274650003300828942002300861999001900884952012300903952012301026NUST20221123165605.0 a 71149435 a0135622239 cNust00a519.5,MIL1 aMiller, Irwin93934100aJohn E. Freud's Mathematical statistics /bIrwin Miller, Marylees Miller a6th ed. aEnglewood Cliffs, N.J.,bPrentice-Hallc[1971] axii, 463 p.:billus.c24 cm. aIntroductions (Page-1), Probability (Page-25), Probability Distributions and Probability (Page-73), Mathematical Expectations (Page-129), Special Probability Distributions (Page-167), Special Probability Densities (Page-203), Functions Random Variables (Page-236), Sampling Distributions (Page-266), Decision Theory (Page-300), Estimation Theory (Page-322), Estimations Applications (Page-360), Hypothesis Testing Theory (Page-384), Hypothesis Testing Applications (Page-410), Regression and Correlation (Page-449), Analysis of Variance (Page-496).  0aMathematical statistics.961 2ddccBKk519.5,MIL c178476d178476 00102ddc4070aMCSbMCScGENd2016-12-12o519.5,MILpMCS33290r2016-12-08w2016-12-12yBKzAlmirah No.77, Shelf No.1 00102ddc4070aMCSbMCScGENd2016-12-12o519.5,MILpMCS33291r2016-12-08w2016-12-12yBKzAlmirah No.14, Shelf No.5